000 00749nam a22002057a 4500
999 _c18954
_d18954
003 AR-CdUCM
008 190516b ||||| |||| 00| 0 spa d
040 _aMUNICIPALIDAD PROVINCIAL DEL CUSCO
_cBIBLIOTECA MUNICIPAL DEL CUSCO
082 _a330.980 /
_bF91
100 _aFuentes Irurozqui, Manuel
_925718
245 _aEconomía hispanoamericana :
_b(Sinopsis ge-económica de iberoamericana) /
260 _aMadrid :
_bM. I. C,
_c1948.
300 _a626 páginas ;
_c25 cm.
505 _aContenido : Visión de conjunto -- En medio geográfico --Demografía -- Agricultura, bosques y ganaderia ...
650 _aEconomía
_9382
650 _aAgricultura
_9320
650 _aAmericana
_924541
942 _2ddc
_cLIBROS
945 _arah
_d2019/05/16